| 000 | 00355nam a22001457a 4500 | ||
|---|---|---|---|
| 003 | OSt | ||
| 005 | 20160727222401.0 | ||
| 008 | 160623b xxu||||| |||| 00| 0 eng d | ||
| 040 | _cTEST | ||
| 100 |
_9694 _aBlyton, G |
||
| 245 | _aNoddy Meets Father Christmas | ||
| 260 |
_aBRISTELL _bPURNELL _c1983 |
||
| 300 | _aNoddy Meets Father Christmas | ||
| 942 |
_2ddc _cBK |
||
| 999 |
_c564 _d564 |
||